Likvidita podniku a jej aspekty bakalárska práca

Guardado en:
Detalles Bibliográficos
Autor principal: Kováčiková, Patrícia
Autor Corporativo: Fakulta podnikového manažmentu EU. Katedra podnikových financií
Otros Autores: Kubranová, Magdaléna, 1956-
Formato: Libro
Lenguaje:eslovaco
Publicado: Bratislava 2010
Etiquetas: Agregar Etiqueta
Sin Etiquetas, Sea el primero en etiquetar este registro!

MARC

LEADER 00000nbm a2200000 4500
001 0133342
005 20161109111520.5
041 0 |a slo 
044 |a SK 
245 1 0 |a Likvidita podniku a jej aspekty  |b bakalárska práca  |c Patrícia Kováčiková ; školiteľ: Magdaléna Kubranová 
264 1 |a Bratislava  |c 2010 
300 |a 40 s. 
100 1 |a Kováčiková, Patrícia 
700 1 |a Kubranová, Magdaléna, 1956- 
710 2 |a Fakulta podnikového manažmentu EU. Katedra podnikových financií